000 00632nam a2200205 a 4500
001 000012754
005 20200929163053.0
008 091116s1974 ve 000 f spa d
040 _aDO-SdBNP
_bspa
_cBNPHU
082 _aV863.42
_bP124m
100 1 _aPadrón, Julián,
_d1910-1954
_928886
245 1 0 _aMadrugada /
_cJulián Padrón.
260 _aCaracas :
_bMonte Ávila,
_c1974.
300 _a180, [8] ;
_c16 cm.
490 1 _aBiblioteca Popular El Dorado
_v101
650 4 _aNovela venezolana
_93962
650 4 _aLiteratura venezolana
_ySIGLO XX
_99777
830 0 _aBiblioteca Popular El Dorado ;
_v101
_913605
049 _aBNGR
999 _c12405
_d12405